| 000 | 00501nam a2200193Ia 4500 | ||
|---|---|---|---|
| 005 | 20250508165702.0 | ||
| 008 | 008 250505s9999 xx 000 0 eng d | ||
| 037 | _aTextual | ||
| 040 |
_aFEDL _beng _cFEDL |
||
| 041 |
_aeng _2eng |
||
| 084 |
_a549, SRE _qFEDL |
||
| 100 |
_aSrebrodolsky B.I _9781615 |
||
| 245 | 0 | _aMystery of mineralogy | |
| 260 |
_aMoscow _bMir Publishers _c1987 |
||
| 300 | _a239p. | ||
| 365 |
_aINR _b19 |
||
| 942 |
_cTEXL _h549, SRE |
||
| 999 |
_c1396739 _d1396739 |
||